000 00552cam a22002053a 4500
001 35678
003 PGUSA
005 20140828083752.0
008 110325s2011||||xxu|||||s|||||000 | eng d
040 _aPGUSA
_beng
042 _adc
100 1 _aHome, Gordon,
_d1878-1969
245 1 0 _aFrance
_h[electronic resource] /
_cGordon Home
260 _bProject Gutenberg,
_c2011
506 _aPublic domain in the USA.
516 _aElectronic text
830 0 _aProject Gutenberg
_v35678
856 4 0 _uhttp://www.gutenberg.org/ebooks/35678
942 _cEB
999 _c264933
_d264933